00522nam a2200193 a 450000100060000000300090000600800410001502000150005604000280007108200090009910000190010824500470012726000300017430000110020449000190021565000230023465000370025765000340029417882CO-ViMGA141112s2004 ck r 000 u spa d a9580441464 aCO-ViMGAbspacCO-ViMGA04aMAHr1 aMahy, Margaret10aEl rescate con el chicle y otras historias aBogotá, cNorma, c1998 a134.p. aTorre de papel14aCUENTOS INFANTILES14aCUENTOS INFANTILES NEOZELANDESES14aLADRONES - CUENTOS INFANTILES